Từ giải phóng miền Nam, thống nhất Tổ quốc đến hội nhập quốc tế /

Enregistré dans:
Détails bibliographiques
Auteur principal: Võ Kim Cương.
Format: Article
Langue:Vietnamese
Sujets:
Tags: Ajouter un tag
Pas de tags, Soyez le premier à ajouter un tag!
Thư viện lưu trữ: Thư viện Trường Đại học Đà Lạt
LEADER 00872nam a2200277 4500
001 DLU180184534
005 ##20180418
040 # # |a DLU  |b vie 
041 # # |a vie 
044 # # |a vn 
100 # # |a Võ Kim Cương. 
245 # # |a Từ giải phóng miền Nam, thống nhất Tổ quốc đến hội nhập quốc tế /  |c Võ Kim Cương. 
653 # # |a Giải phóng miền Nam 
653 # # |a Hậu quả chiến tranh 
653 # # |a Hội nhập quốc tế  
653 # # |a Kháng chiến chống Mỹ 
653 # # |a Khắc phục 
773 # # |t Nghiên cứu lịch sử  |g Số 4(468), 2015, tr. 64-74 
920 # # |a Phòng Tạp chí -- Trung tâm Thông tin - Thư viện Trường Đại học Đà Lạt 
900 # # |a True 
911 # # |a Nguyễn Thị Thu Phương 
925 # # |a G 
926 # # |a A 
927 # # |a BB 
980 # # |a Thư viện Trường Đại học Đà Lạt